| 000 | 00462nam a2200193Ia 4500 | ||
|---|---|---|---|
| 008 | 210210b1950 xxu||||| |||| 00| 0 eng d | ||
| 041 | _aeng | ||
| 082 | _a826/206 | ||
| 100 | _aWENDELL (B) | ||
| 245 | _aLiterary appreciation Vol I | ||
| 260 |
_aLondon _bThe English Universities Press Ltd. _c1950 |
||
| 440 | _aI | ||
| 650 | _aVol | ||
| 650 | _aLiterary | ||
| 650 | _aI | ||
| 650 | _aappreciation | ||
| 690 | _aHistory of Literature | ||
| 906 | _a015754 | ||
| 999 |
_c135145 _d135145 |
||